ՀՀ Գիտությունների ազգային ակադեմիայի հիմնարար գիտական գրադարան  =   Fundamental Scientific Library of NAS RA

Составление и редактирование специальных карт : (Record no. 463085)

MARC details
000 -LEADER
fixed length control field 00675nam a2200205 a 4500
001 - CONTROL NUMBER
control field 000734516
003 - CONTROL NUMBER IDENTIFIER
control field AM-YeHGA
005 - DATE AND TIME OF LATEST TRANSACTION
control field 20250617160943.0
008 - FIXED-LENGTH DATA ELEMENTS--GENERAL INFORMATION
fixed length control field 100510s1961 ||||||||||||||||||||rus|c
040 ## - CATALOGING SOURCE
Original cataloging agency AM-YeHGA
041 0# - LANGUAGE CODE
Language code of text/sound track or separate title rus
090 ## - LOCALLY ASSIGNED LC-TYPE CALL NUMBER (OCLC); LOCAL CALL NUMBER (RLIN)
-- 466269
245 00 - TITLE STATEMENT
Title Составление и редактирование специальных карт :
Remainder of title Учебное пособие /
Statement of responsibility, etc. А.И. Преображенский и др.
260 ## - PUBLICATION, DISTRIBUTION, ETC.
Place of publication, distribution, etc. Рига :
Name of publisher, distributor, etc. Геодезиздат,
Date of publication, distribution, etc. 1961.
300 ## - PHYSICAL DESCRIPTION
Extent 320 с.
650 14 - SUBJECT ADDED ENTRY--TOPICAL TERM
Topical term or geographic name entry element География
700 1# - ADDED ENTRY--PERSONAL NAME
Personal name Преображенский, А.И.
700 1# - ADDED ENTRY--PERSONAL NAME
Personal name Сухов, В.И.
700 1# - ADDED ENTRY--PERSONAL NAME
Personal name Билич, Ю.С.
Holdings
Withdrawn status Lost status Source of classification or shelving scheme Damaged status Not for loan Collection Home library Current library Date acquired Total checkouts Full call number Barcode Date last seen Price effective from Koha item type Public note
    Universal Decimal Classification     General Fundamental Scientific Library Fundamental Scientific Library 23/01/2018   PIII/8488 FL0474450 23/01/2018 23/01/2018 Գրքեր / Books 30 Days Loan
    Universal Decimal Classification     General Fundamental Scientific Library Fundamental Scientific Library 24/01/2018   PIII/8558 FL0475329 24/01/2018 24/01/2018 Գրքեր / Books 30 Days Loan
          General Fundamental Scientific Library Fundamental Scientific Library 24/01/2018   PIII/8680 FL0475689 24/01/2018 24/01/2018 Գրքեր / Books 30 Days Loan
    Universal Decimal Classification     General Fundamental Scientific Library Fundamental Scientific Library 24/01/2018   PIII/8599 FL0475369 24/01/2018 24/01/2018 Գրքեր / Books 30 Days Loan


ՀՀ ԳԱԱ հիմնարար գիտական գրադարան
ՀՀ,Երևան 0019
Մարշալ Բաղրամյան 24/6
հեռախոս:(374-10) 52-47-50
Հետադարձ կապ

All site content, except where otherwise noted, is licensed under a
Creative Commons License